000
00217nam a22000977a 4500
999
_c
15862
_d
15862
003
OSt
008
191022b ||||| |||| 00| 0 eng d
100
_a
Treble,H A.
_9
4355
245
_a
An ABC of English Usage
942
_c
BK